书目信息 |
| 题名: |
环境毒理学
|
|
| 作者: | 孟紫强 主编 | |
| 分册: | ||
| 出版信息: | 北京 中国环境科学出版社 2000.08 |
|
| 页数: | 16, 565页 | |
| 开本: | 26cm | |
| 丛书名: | ||
| 单 册: | ||
| 中图分类: | R994.6 | |
| 科图分类: | ||
| 主题词: | 环境科学--毒理学 | |
| 电子资源: | ||
| ISBN: | 7-80163-004-1 | |
| 000 | 00823nam0 2200229 450 | |
| 001 | 0120010120 | |
| 005 | 20051014090634.58 | |
| 010 | @a7-80163-004-1@dCNY58.00 | |
| 100 | @a20010308d2000 em y0chiy0110 ea | |
| 101 | 0 | @achi |
| 102 | @aCN@b110000 | |
| 105 | @aa z 000yy | |
| 200 | 1 | @a环境毒理学@AHuan Jing Du Li Xue@d= Environmental Toxicology@zeng@f孟紫强主编@FMeng Zi Qiang Zhu Bian |
| 210 | @a北京@c中国环境科学出版社@d2000.08 | |
| 215 | @a16, 565页@c图@d26cm | |
| 330 | @a本书计四篇二十四章,对环境毒理学的基础理论,对环境化学物的吸收、分布转化、排泄及化学物致突变、致畸变致癌变的基础理论等方面进行了论述。 | |
| 510 | 1 | @aEnvironmental Toxicology@zeng |
| 606 | 0 | @a环境科学@x毒理学 |
| 690 | @aR994.6@v4 | |
| 701 | 0 | @a孟紫强@AMeng Zi Qiang@4主编 |
| 801 | 0 | @aCN@bQSSK@c20051014 |
| 905 | @a10447@dR994.6@eM630 | |
| 环境毒理学= Environmental Toxicology/孟紫强主编.-北京:中国环境科学出版社,2000.08 |
| 16, 565页:图;26cm |
| ISBN 7-80163-004-1:CNY58.00 |
| 本书计四篇二十四章,对环境毒理学的基础理论,对环境化学物的吸收、分布转化、排泄及化学物致突变、致畸变致癌变的基础理论等方面进行了论述。 |
| ● |
| 相关链接 |
|
|
|
正题名:环境毒理学
索取号:R994.6/M630
 
预约/预借
| 序号 | 登录号 | 条形码 | 馆藏地/架位号 | 状态 | 备注 |
| 1 | 568128 | 205681289 | 自科库401/401自科库 23排4列1层/ [索取号:R994.6/M630] | 在馆 | |
| 2 | 568129 | 205681298 | 自科库401/401自科库 23排4列1层/ [索取号:R994.6/M630] | 在馆 | |
| 3 | 568130 | 205681305 | 自科库401/401自科库 23排4列1层/ [索取号:R994.6/M630] | 在馆 |